Statistiques concernant Taylor Swift - Chansons par acronymes 6

Cliquez ici pour prendre le quiz!

Statistiques générales

  • Ce quiz a été pris 22 fois
  • Le résultat moyen est 8 sur 15

Statistiques - réponses

HintRéponse% Correct
MBOBHFTMy Boy Only Breaks His Favorite Toys
79%
KOMHKing of My Heart
74%
NYDNew Year's Day
74%
YAILYou Are In Love
68%
SYGBSoon You'll Get Better
58%
TVFNThe Very First Night
58%
YNSYou're Not Sorry
58%
IHIHI Hate It Here
53%
SIGSo It Goes
53%
APITWA Place in This World
47%
NGUNever Grow Up
37%
SDGSay Don't Go
37%
OTYOnly The Young
26%
SASSafe and Sound
26%
CTFChristmas Tree Farm
16%

Distribution des résultats

Percentile par nombre de réponses

% des personnes avec chaque résultat

Votre développement - résultats

Vous n’avez pas pris ce quiz